Zvolenské noviny

Bibliographic Details
Other Authors: Mišík, Branislav (Publishing director), Mojžišová, Ľudmila (Publishing director)
Format: Newspaper
Language:Slovak
PhysicalDescription:zv. 39 cm
Published: Zvolen Mesto Zvolen 2015-
ISSN:1337-2408
Subjects:
Online Access:http://samosprava.zvolen.sk/zvolenske-noviny.phtml?id5=24181

MARC

LEADER 00000cas a2200000 a 4500
001 vtls010881396
003 SK-MaSNL
005 20260228164246.0
008 170818c20159999xo mr ne 0 b0slo
022 |a 1337-2408 
040 |a SNK  |b slo  |c SNK  |e AACR2 
041 0 |a slo 
043 |a e-xo--- 
044 |a xo  |c SK 
072 7 |a 352/354  |x Stupne miestnej, oblastnej a ústrednej správy  |2 konspekt 
072 7 |a 394  |x Verejný a spoločenský život. Každodenný život  |2 konspekt 
072 7 |a 316.7  |x Sociológia kultúry. Kultúrny život  |2 konspekt 
080 |a 394  |2 2011 
080 |a 353.9  |2 2011 
080 |a (437.6)  |2 2011 
080 |a (051)+(054)  |2 2011 
080 |a 316.728  |2 2011 
080 |a 050  |2 2011 
210 0 |a Zvolen. nov. 
222 0 |a Zvolenské noviny 
245 0 0 |a Zvolenské noviny 
260 |a Zvolen  |b Mesto Zvolen  |c 2015- 
300 |a zv.  |c 39 cm 
310 |a 1x mesačne 
362 0 |a Roč. I, č. 1 (2015)- 
500 |a Evidenčné číslo: EV 5237/15 
500 |a Podnázov v tiráži: 2015, mesačník mesta Zvolen 
500 |a V tiráži je uvedené ISSN 1337-2408 zo staršieho vydania Zvolenských novín z rokov 1904-1914 
500 |a Šéfredaktor: Branislav Mišík; Ľubica Mojžišová 4/2024- 
500 |a Od roku 2025 zmena formátu - 32 cm. 
515 |a V r. 2015 obnovené vydávanie 
525 |a Valentínska príl. v č. 2/2016 ; Vianočná príl. v č. 4/2015, 12/2016, 2018 
650 0 7 |a každodenný život  |2 SNKPH  |9 4946 
650 0 7 |a územná samospráva  |2 SNKPH  |9 802 
650 0 7 |a spoločenský život  |2 SNKPH  |9 28654 
651 7 |a Zvolen (Slovensko)  |2 SNKPHgeo  |9 14595 
655 7 |a miestne periodiká  |2 SNKPH  |9 160938 
700 1 |a Mišík, Branislav  |4 pbd  |9 275601 
700 1 |a Mojžišová, Ľudmila  |4 pbd  |9 275602 
856 4 1 |u http://samosprava.zvolen.sk/zvolenske-noviny.phtml?id5=24181 
910 |a snk 
916 |a 2015-2016, 2017-2020, 2021 
999 |c 12930  |d 14860 
952 |0 0  |1 0  |4 0  |7 0  |8 0  |a SNK  |b SNK  |d 2022-09-12  |f 1  |i snk2022/13798  |l 0  |o snkČSA 1424/7/2021  |p 17A1463962  |r 2026-02-21 20:10:47  |t č. 1-12  |w 2026-02-21  |y PREZ 
952 |0 0  |1 0  |4 0  |7 0  |8 0  |a SNK  |b SNK  |d 2021-09-10  |f 1  |i snk2021/12260  |l 0  |o snkČSA 1424/3/2017  |p 17A1460416  |r 2026-02-21 21:29:04  |t č. 1-12  |w 2026-02-21  |y PREZ 
952 |0 0  |1 0  |4 0  |7 0  |8 0  |a SNK  |b SNK  |d 2021-09-10  |f 1  |i snk2021/12262  |l 0  |o snkČSA 1424/4/2018  |p 17A1460415  |r 2026-02-21 21:29:04  |t č. 1-12 + 1 príl.  |w 2026-02-21  |y PREZ  |z Príl.: Vianočná príloha 
952 |0 0  |1 0  |4 0  |7 0  |8 0  |a SNK  |b SNK  |d 2021-09-10  |f 1  |i snk2021/12263  |l 0  |o snkČSA 1424/5/2019  |p 17A1460414  |r 2026-02-21 21:29:04  |t č. 1-12  |w 2026-02-21  |y PREZ 
952 |0 0  |1 0  |4 0  |7 0  |8 0  |a SNK  |b SNK  |d 2021-09-10  |f 1  |i snk2021/12264  |l 0  |o snkČSA 1424/6/2020  |p 17A1460413  |r 2026-02-21 21:29:04  |t č. 1-12  |w 2026-02-21  |y PREZ 
952 |0 0  |1 0  |4 0  |7 0  |8 0  |a SNK  |b SNK  |d 2017-08-17  |f 1  |i snk2017/18487  |l 0  |o snkČSA 1424/1/2015  |p 17A1263868  |r 2026-02-21 21:48:57  |t č. 1-4 + 1 príl.  |w 2026-02-21  |y PREZ  |z Príl.: v č. 4 - Vianočná príloha 
952 |0 0  |1 0  |4 0  |7 0  |8 0  |a SNK  |b SNK  |d 2017-08-17  |f 1  |i snk2017/18488  |l 0  |o snkČSA 1424/2/2016  |p 17A1263869  |r 2026-02-21 21:48:57  |t č. 1-12 + 2 príl., neúplné  |w 2026-02-21  |y PREZ  |z Príl.: v č. 2 - Valentínska príloha ; v č. 12 - Vianočná príloha ; chýba č. 1